Statistics for Countries by First Three Letters in 300 Seconds

Click here to take the quiz!

General Stats

  • This quiz has been taken 88 times
  • The average score is 151 of 196

Answers on the Map

Answers color-coded by a green-red scale on the quiz's map according to % correct below.
 

Answer Stats

Country% Correct
United Arab Emirates
100%
United Kingdom
100%
United States
100%
Australia
97%
Austria
97%
Brazil
95%
Canada
95%
India
95%
Indonesia
95%
Monaco
95%
Mongolia
95%
Montenegro
95%
North Korea
95%
North Macedonia
95%
Norway
95%
South Africa
95%
South Korea
95%
South Sudan
95%
Sweden
95%
Chile
94%
China
94%
Italy
94%
Mexico
94%
Russia
94%
Finland
92%
Iceland
92%
Ireland
92%
Argentina
91%
Belarus
91%
Belgium
91%
Belize
91%
Bolivia
91%
Denmark
91%
France
91%
Germany
91%
Iran
91%
Iraq
91%
Saudi Arabia
91%
Spain
91%
Colombia
89%
Egypt
89%
Greece
89%
Grenada
89%
Kazakhstan
89%
Pakistan
89%
Poland
89%
Portugal
89%
Venezuela
89%
Afghanistan
88%
Algeria
88%
Japan
88%
Madagascar
88%
Paraguay
88%
Peru
88%
Turkey
88%
Turkmenistan
88%
Uruguay
88%
Yemen
88%
Ecuador
86%
Morocco
86%
Ukraine
86%
Liberia
85%
Libya
85%
Malawi
85%
Malaysia
85%
Maldives
85%
Mali
85%
Malta
85%
Republic of the Congo
85%
Democratic Republic
of the Congo
83%
Honduras
83%
Laos
83%
Myanmar
83%
Oman
83%
Syria
83%
Zimbabwe
83%
Netherlands
82%
Philippines
82%
Sudan
82%
Switzerland
82%
Vietnam
82%
Angola
80%
Cambodia
80%
Cameroon
80%
Chad
80%
Cuba
80%
Dominica
80%
Dominican Republic
80%
Mauritania
80%
Mauritius
80%
Papua New Guinea
80%
Thailand
80%
Zambia
80%
Bahamas
79%
Bahrain
79%
Bangladesh
79%
Estonia
79%
Guyana
79%
Jordan
79%
New Zealand
79%
Romania
79%
Suriname
79%
Ethiopia
77%
Niger
77%
Nigeria
77%
Panama
77%
Tajikistan
77%
Guatemala
76%
Israel
76%
Latvia
76%
Nepal
76%
Somalia
76%
Uzbekistan
76%
Albania
74%
Bulgaria
74%
Czech Republic
74%
Jamaica
74%
Lithuania
74%
Mozambique
74%
Slovakia
74%
Slovenia
74%
Tunisia
74%
Azerbaijan
73%
Costa Rica
73%
Haiti
73%
Kenya
73%
Kyrgyzstan
73%
Nicaragua
73%
Tanzania
73%
Armenia
71%
Bhutan
71%
Eritrea
71%
Hungary
71%
Moldova
71%
Senegal
71%
Serbia
71%
Bosnia and
Herzegovina
70%
Botswana
70%
Kosovo
70%
Namibia
70%
Saint Kitts and Nevis
70%
Togo
70%
Burkina Faso
68%
Burundi
68%
Georgia
68%
Ghana
68%
Saint Lucia
68%
Saint Vincent and the
Grenadines
68%
Sri Lanka
68%
Central African Republic
67%
Croatia
67%
Guinea
67%
Guinea-Bissau
67%
Ivory Coast
67%
Taiwan
67%
El Salvador
65%
Lebanon
65%
Qatar
65%
Fiji
64%
Lesotho
64%
Uganda
64%
Barbados
62%
Gabon
62%
Tonga
62%
Benin
61%
Djibouti
61%
Rwanda
61%
Cyprus
59%
Equatorial Guinea
59%
Seychelles
59%
Vatican City
59%
Andorra
58%
Kiribati
58%
Kuwait
58%
Liechtenstein
58%
Marshall Islands
58%
Nauru
58%
Tuvalu
58%
Eswatini
56%
Palau
56%
San Marino
56%
Gambia
55%
Luxembourg
55%
Vanuatu
55%
São Tomé and Príncipe
53%
Comoros
52%
Federated States of
Micronesia
52%
Samoa
52%
Sierra Leone
52%
Solomon Islands
52%
Brunei
50%
Antigua and Barbuda
48%
East Timor
48%
Singapore
48%
Trinidad and Tobago
48%
Cape Verde
42%

Score Distribution

Percentile by Number Answered

Percent of People with Each Score

Your Score History

You have not taken this quiz